Los intelectuales argentinos y su sociedad /
Guardado en:
| Autor Principal: | |
|---|---|
| Formato: | Libro |
| Publicado: |
Buenos Aires :
Libera,
1967
|
| Series: | Simposio Realizado En Nov. Y D
|
| Materias: | |
| Etiquetas: |
Agregar Etiqueta
Sin Etiquetas, Sea el primero en etiquetar este registro!
|
| LEADER | 00866nam a22002175a 4500 | ||
|---|---|---|---|
| 001 | EHU.bham024339 | ||
| 003 | AR-BHAM | ||
| 005 | 20130507142738.0 | ||
| 008 | 130507s1967##################000#0#####d | ||
| 082 | 3 | 0 | |a 305.55 |
| 100 | 1 | |a Rodriguez Bustamante, Norberto | |
| 245 | 1 | 0 | |a Los intelectuales argentinos y su sociedad / |c Norberto Rodriguez Bustamante |
| 260 | |a Buenos Aires : |b Libera, |c 1967 | ||
| 300 | |a 246 p. | ||
| 490 | 0 | |a Simposio Realizado En Nov. Y D | |
| 500 | |a Direccion Y Compilacion De Norberto R. Bustamanteincluye ponencias de: J.babini, S.bagu, E.butelman, G.klimovsky, L.portnoy, G. Romero Brest, T.moro Simpson, G. Weinberg y otros.- | ||
| 653 | |a Sociologia argentina | ||
| 653 | |a Sociologia de la cultura | ||
| 653 | |a Sociologia-cultura-estudios | ||
| 653 | |a Donacion lejarraga | ||
| 859 | |a AR-BHAM |b BIB. HUMANIDADES - General |h 305.55 |i R618 |p 119.02 |t Ej.1 | ||
